[Event "Chigorin Memorial 07th"]
[Site "St Petersburg"]
[Date "1999.11.04"]
[Round "3"]
[White "Shalimov, Valery"]
[Black "Shvedov, Sergey"]
[Result "1/2-1/2"]
[WhiteElo "2423"]
[BlackElo "2340"]
[Annotator "Gofshtein,L"]
[PlyCount "93"]
[EventDate "1999.11.02"]
[EventType "swiss"]
[EventRounds "9"]
[EventCountry "RUS"]
[SourceTitle "CBM 074"]
[Source "ChessBase"]
[SourceDate "2000.02.01"]
[SourceVersion "1"]
[SourceVersionDate "2000.02.01"]
[SourceQuality "1"]

{[%mdl 4688]} 1. e4 c5 2. Nf3 Nc6 3. d4 cxd4 4. Nxd4 Nf6 5. Nc3 d6 6. Bg5 Bd7
7. Qd2 Rc8 {This variation was very popular at the end of 70th, when Georgian
players: Azmaiparasvili,Ubilava,Zaichik achieved the success using this
opening variation.} 8. O-O-O (8. f4 {usually leads to other order of moves by 
8...N:d4 9.O:d4 Qa5 10.0-0-0. Another possibility is:} h6 9. Bxf6 gxf6 10. Nf5
Qa5 11. Bd3 Nb4 12. O-O Nxd3 13. Qxd3 Qc5+ (13... Qb4 14. Kh1 e6 15. Nd4 Qxb2
16. Nce2 Qb6 17. Rab1 Qc7 18. Rb2 Be7 19. f5 e5 20. Nb5 Qc5 21. Nbc3 Bc6 $13 {
Kuijf-Wittman,Europe 1993}) 14. Kh1 e6 15. Ne3 h5 16. Rad1 Be7 17. f5 $16 {
Ivanchuk-Salov,Reykjavik,1991}) 8... Nxd4 9. Qxd4 Qa5 {[%csl Rc3][%cal Yc8c3,
Ya5c3,Ya5g5]} 10. f4 {Another way is:10.B:f6 gf 11.Kb1 Qc5, which was happened
in the game Estrin-Azmaiparasvili 1978 with good counterplay,and} (10. Bd2 e5
11. Qd3 a6 12. f3 Be6 13. a3 Qc7 14. Kb1 Be7 15. Bg5 Nd7 $132 {
Rodrigues-Ubilava,1977}) 10... h6 {The other way for black is:} (10... e5 11.
Qd3 $6 (11. fxe5 dxe5 12. Qd3 {[%csl Rd7][%cal Yd3d7]} (12. Qd2 Bc6 13. Bxf6
gxf6 14. Qf2 $1 $36 {1-0 Dvoirys,S-Smirin,I/Leningrad 1990/URS-ch (38)}) 12...
Rxc3 13. bxc3 Ba3+ $132 {Zagrebelny,S-Zaichik,G/Tashkent 1986/EXT 97 (35)})
11... Rxc3 $5 $36 (11... Ng4 $5 {[%csl Rf2][%cal Rg4f2]} 12. Nb5 $2 Qxa2 13.
Bh4 (13. Nxd6+ Bxd6 {[%tqu "En","","","","d3d6","",10]} 14. Qxd6 Rxc2+ $19)
13... Qa1+ 14. Kd2 Qxb2 15. Be2 d5 16. Bxg4 Rxc2+ {0-1 Milos,G-Cifuentes
Parada,R/Santiago 1989/CBM 12 (16)})) (10... Rxc3 11. bxc3 (11. Qxc3 $6 Qxc3
12. bxc3 Nxe4 13. Bh4 g6 14. Be1 Bg7 15. Kb2 O-O $15 {O'Keelly-Radulov,1969 La
Havana}) 11... e5 12. Qb4 Qxb4 13. cxb4 Nxe4 14. Bh4 g5 $1 15. fxg5 Be7 16. Re1
d5 17. Bd3 h6 18. Bxe4 dxe4 19. Rxe4 hxg5 20. Bg3 f6 21. c3 {was recomended by
Boleslavsky.}) (10... e6 $6 11. e5 dxe5 12. fxe5 Rxc3 13. Bd2 $1 Bc5 (13...
Qxa2 14. Bxc3 g6 15. b4 $1 Nd5 16. Bc4 Bh6+ 17. Rd2 $1 Qa3+ 18. Bb2 Qxb4 19.
Bxd5 Qxd2+ 20. Qxd2 Bxd2+ 21. Kxd2 exd5 22. e6 $18 {Beljavskij-Ubilava,1978.
This game inflicted damage to this variation}) 14. Bxc3 Bxd4 (14... Qxa2 15.
Qxc5 Qa1+ 16. Kd2 Ne4+ 17. Ke3 Qxd1 18. Kxe4 $18) 15. Bxa5 Bxe5 16. Bb5 $1 b6
17. Bxd7+ Nxd7 18. Bb4 $16 {Hakki-Pietrusiak,Romania 1980}) 11. Bxf6 {
according the theory, more dangerous for black is 11.Bh4} (11. Bh4 $5 g5 {
[%cal Yg5h4,Yg5f4]} 12. e5 $1 {[%cal Ye5f6]} Bg7 $1 13. Bf2 $5 {[%csl Ra7]
[%cal Gf2d4,Gd4a7]} (13. Be1) 13... Ng4 14. Qxa7 Qxa7 15. Bxa7 gxf4 16. exd6
Bxc3 17. bxc3 Ne3 18. Re1 Rxc3 19. Bd3 $16 {Timoshenko-Kuzmin,1980}) 11... gxf6
12. Be2 {Another possibilities are:} (12. Kb1 Qc5 {[%csl Rd4][%cal Yc5d4]} 13.
Qd2 e6 (13... Bg7 14. f5 h5 15. Bd3 Bh6 16. Qe2 Bf4 17. Nd5 Be5 18. c3 e6 19.
Ne3 b5 20. g3 Ke7 21. fxe6 fxe6 22. Ng2 $14 {Radulov -Mednis 1977}) (13... f5
$5 14. exf5 Bxf5 15. Bb5+ Kd8 16. Qe2 a6 $13 {Beliavskij-Kuzmin 1980}) 14. Be2
h5 (14... Rg8 $6 15. e5 f5 16. Bf3 d5 17. Bxd5 $1 $16 {Renet-Scarella,
Argentina 1994}) 15. Rhe1 Be7 16. Bf3 Rc7 17. f5 Bf8 $13) (12. f5 h5 13. Kb1
Qc5 (13... h4 $2 14. Qf2 $1 $16 {1-0 Psakhis,L-Kuzmin,G/Vilnius 1980/URS-ch 
(41)}) 14. Qd3 h4 $5 (14... e6 15. g3 Kd8 $1 $13 {Hoelzl,F-Singer,H/AUT-ch
1981/EXT 98/}) 15. Be2 Bh6 16. Nd5 Bg5 17. Rhf1 a5 $13) (12. Bc4 Qc5 13. Bb3
Qxd4 14. Rxd4 e6 15. Ba4 Rc5 $132 {1/2-1/2 Bagirov,V-Stein,L/Grozny 1969/EXT
99 (30)}) 12... h5 (12... Qc5 $5 {[%cal Yc5d4]} 13. Qd2 $6 (13. Qd3 $142 $14) (
13. Rhf1 Qxd4 14. Rxd4 f5 15. Rb4 b6 16. Bb5 Bg7 $132 {[%csl Rc3][%cal Yc8c3,
Rg7c3] Garcia,H-Garcia,R/Cordoba 1970/EXT 99 (64)}) (13. Qxc5 Rxc5 $132) (13.
Bf3 Bg7 14. Qxc5 Rxc5 15. Rd5 Rxd5 16. Nxd5 e6 17. Ne3 Ke7 $132 {Steiner,
G-Titz,H/AUT 1994/EXT 99 (32)}) 13... Bg7 (13... e6 $6 14. Bf3 $5 (14. f5 $6 h5
15. Kb1 Qe5 16. Bf3 h4 17. Qf2 Qc5 (17... a6 18. Qb6 Bc6 19. Nd5) 18. Qd2 Qe5
19. Qf2 Qc5 20. Qd2 {1/2-1/2 Vehi Bach,V-Ubilava,E/Ampuriabrava 1997/CBM 62/})
14... Be7 15. Kb1 Rc7 16. f5 b5 17. Ne2 e5 18. Nc3 $16 {[%csl Rd5][%cal Yc3d5]
1-0 Leko,P-Lendwai,R/Erevan olm 1996/EXT 96ch2 (37)}) 14. Kb1 (14. f5 $2 h5 15.
Z0 Bh6 16. Z0 Bf4 17. Z0 Be5) (14. g4 h5 $1 15. h3 (15. gxh5 f5 16. e5 Bc6 17.
Rhg1 (17. exd6 Rd8 $17) 17... Bh6 18. exd6 Rd8 $17) 15... f5 $5 16. exf5 Bxc3
17. Qxc3 Qxc3 18. bxc3 Rxc3 $13) (14. Rhf1 $142 $13) (14. Rhe1 $13) 14... f5
15. e5 O-O $1 $13 {Svidler,P-Aseev,K/St.Petersburg 1997/CBM 59]} (15... Bc6 16.
Qd3 $8 $13 (16. exd6 $2 Rd8 $17))) (12... Rg8 13. Bf3 Qc5 14. Rhe1 Qxd4 15.
Rxd4 e6 $13 {Comp Mephisto-Cifuentes Parada,R/The Hague 1992/EXT 99 (51)}) 13.
Kb1 Qc5 {[%cal Yc5d4] Black tries to exchange queens and decrease the pressure
of black.Another contination:} (13... h4 14. Rhe1 (14. Nd5 Qc5 15. Qd2 a5 16.
Bf3 Bg7 17. Rhe1 Be6 $5 $132 {Campora,D-Kuzmin,G/Dortmund 1981/MCD (52)}) 14...
Qc5 15. Qxc5 Rxc5 16. Rd5 Rg8 $132 {Schuh,F-Robatsch,K/AUT-chT 1991/EXT 97 (35)
}) 14. Qd3 {Logical move} e6 15. Rhf1 {[%csl Rh5][%cal Yf1f3,Ye2h5]} a6 16. e5
$6 {[%csl Re4][%cal Rc3e4,Ye5d6,Ye5f6,Re4f6] The initiative turns to black
after  this hastly move.} (16. f5 $5) 16... f5 $1 {[%csl Re4][%cal Yf5e4]} (
16... fxe5 $143 17. Ne4 $1 Qc7 (17... Qd4 18. Nf6+ $36) 18. Nf6+ Kd8 19. fxe5
d5 (19... Bb5 $2 20. exd6 Qb6 21. Qb3 $18) 20. Nxd7 Qxd7 21. c4 $40) 17. Bf3 {
17.exd6 does not reach an advantage,therefore after 17...Rc6 there is no way
to hold an extra pawn.} (17. exd6 Rc6 $132 {[%csl Rd6][%cal Yc6d6]}) 17... d5 {
[%tqu "En","","","","f3d5","White afraid eventual iniative of black ,and by
way sacrifice of bishop force pass to the rooh ending with good chances for
draw",10,"g2g3","",0]} 18. Bxd5 $1 {[%mdl 64] White is scared of eventual
iniative of black. This bishop sacrifice leads to the rooks ending which is
about draw.} (18. g3 Qb6 $36 {[%cal Yf8a3,Yb6b2,Yc8c3,Yb6f2]}) 18... exd5 19.
Nxd5 Be6 $8 (19... Bb5 $2 20. c4 Ba4 21. Nf6+ Ke7 22. Qxf5 $18) 20. Nf6+ Ke7
21. Nd7 $8 {[%cal Yd7c5]} Qxc2+ (21... Qc7 $4 22. Qa3+ Kd8 23. Nf6+ $18) 22.
Qxc2 Rxc2 23. Nxf8 {White tries to save the game in the rooks ending,therefore
after 23.K:c2 B:d7 black has a clear advantage} (23. Kxc2 $6 Bxd7 $17) 23...
Rxg2 24. Nxe6 fxe6 $15 25. Rd6 $5 Rd8 $5 (25... Rxh2 $6 26. Rc1 $1 $36) (25...
Rc8 $5) 26. Rb6 {also good chance for draw gave:} (26. Rxd8 $5 Kxd8 27. Rd1+
Ke7 28. h3 Rg3 29. Rc1 $1 {[%csl Rc7][%cal Yc1c7]} Rxh3 30. Rc7+ Kd8 31. Rxb7
Rf3 32. Rb6 $132 {[%csl Ra6,Re6][%cal Yb6e6,Yb6a6]}) 26... Rd7 ({After} 26...
Rxh2 27. Rxb7+ Rd7 28. Rxd7+ Kxd7 29. Rd1+ Ke7 30. Rd6 $132 {white gets some
chances for the draw.}) 27. h3 Rg3 28. Rc1 Rxh3 29. Rc8 Rf3 (29... Rh2 30. a3
h4 31. Rh8 h3 32. Rb3 $5 $11 (32. Ka2 $5 {with idea 32.Rb3})) 30. Rh8 Rxf4 31.
Rxh5 Re4 32. Rh7+ Kd8 33. Rh8+ Ke7 34. Rh7+ Kd8 35. Rh8+ Kc7 36. Rxe6 f4 (36...
Re2 37. a3 f4 (37... Rdd2 38. Rh7+) 38. Rf6 Rf2 39. Rhf8 Rdd2 40. R8f7+ Kc8 41.
Rb6 $132) 37. Rf8 Re1+ (37... Re2 38. a3 Rf2 39. Ref6 $11) 38. Kc2 Re2+ 39. Kb3
Re3+ 40. Kc4 Re4+ 41. Kc3 Re3+ 42. Kc4 f3 43. b3 $11 Re4+ (43... b6 44. Rff6
$11) 44. Kc3 b5 45. Rd6 Rxd6 46. exd6+ Kxd6 47. Rxf3 1/2-1/2

[Event "RUS-ch sf 58th"]
[Site "Kazan"]
[Date "2005.09.03"]
[Round "1"]
[White "Lastin, Alexander"]
[Black "Galliamova, Alisa"]
[Result "1-0"]
[WhiteElo "2583"]
[BlackElo "2453"]
[Annotator "Gofshtein,L"]
[PlyCount "69"]
[EventDate "2005.09.03"]
[EventType "swiss"]
[EventRounds "9"]
[EventCountry "RUS"]
[SourceTitle "CBM 109"]
[Source "ChessBase"]
[SourceDate "2005.11.14"]
[SourceVersion "1"]
[SourceVersionDate "2005.11.14"]
[SourceQuality "1"]

1. e4 c5 2. Nf3 Nc6 3. d4 cxd4 4. Nxd4 Nf6 5. Nc3 d6 6. Bg5 Bd7 7. Qd2 Rc8 8.
Nxc6 Bxc6 9. f3 {Except of this move there are two continuations:} (9. Bd3 h6 (
9... e6 10. h3 (10. O-O a6 11. Rfe1 Be7 12. Rad1 O-O $132 {0-1 Jeiter,G-Ionov,
S/Moscow 1991/EXT 2000 (19)}) 10... Be7 11. O-O O-O 12. Be3 a6 13. a4 d5 14. e5
Ne4 $132 {1/2-1/2 Mihalincic,T-Galic,Z/Pula 1999/CBM 70 ext (44)}) (9... a6 10.
O-O-O e6 11. f3 Be7 12. h4 O-O 13. Ne2 b5 14. Kb1 Qc7 15. h5 Rfd8 16. g4 d5
$132 {0-1 Zupe,M-Kozul,Z/Nova Gorica 1999/CBM 68 ext (38)}) 10. Bxf6 gxf6 11.
O-O Qa5 12. Rfe1 h5 13. Rad1 Bh6 14. Qe2 Qg5 15. Nd5 Rg8 16. f4 Qg4 17. Qxg4
Rxg4 18. g3 Rg8 19. Kf2 {1/2-1/2 Barczay,L-Mestrovic,Z/Keszthely 1981/MCD (19)}
) (9. Bxf6 gxf6 10. O-O-O (10. Bc4 e6 11. Bb3 Qa5 12. O-O-O Rg8 13. f4 f5 14.
Rhe1 fxe4 15. Nxe4 Qxd2+ 16. Rxd2 Bxe4 17. Rxe4 Rc5 $132 {0-1 Bezgodov,
A-Ovetchkin,R/Pskov 1998/EXT 2000 (70)}) (10. Bd3 Qa5 11. O-O-O f5 12. Kb1 Bg7
13. Qg5 Bxc3 14. bxc3 Qxc3 $36 15. Qxf5 Bd7 {0-1 Kim,P-Murrey,J/Winnipeg 1997/
CBM 60 ext (15)}) 10... Qa5 11. f4 f5 12. exf5 Bg7 13. Kb1 Bxc3 14. Qxc3 Qxc3
15. bxc3 f6 16. Rd4 Rg8 $44 {1/2-1/2 Matkovic,T-Videki,S/Makarska 1993/EXT 97 
(54)}) 9... e6 (9... a6 $5) 10. O-O-O a6 {Black defends against the threat Nb5.
In case of 10...Be7 11.Nb5 white's edge becomes clear} (10... Be7 11. Nb5 {
White leaves with pair of BB advantage by force in view of a7 and d6
weaknesses.} Bxb5 12. Bxb5+ Kf8 13. Bxf6 $16 {1-0 Sulskis,S-Zulfugarli,M/
Linares 2001/CBM 081/[Gofshtein,L] (30)}) (10... h6 11. Bxf6 Qxf6 12. Nb5 d5
13. exd5 exd5 14. Nxa7 $16) ({Worth of attention also} 10... Qa5 $5) 11. Ne2 {
[%cal Ge2d4] White carries out a typical transfer of the knight to a more
active position. 11.Kb1 was an alternative} (11. Kb1 Be7 12. h4 (12. Bf4 d5 13.
exd5 Bxd5 14. Be5 O-O 15. Bxf6 Bxf6 16. Nxd5 exd5 17. Qxd5 Qb6 $44 {0-1 Gwaze,
R-Hamdouchi,H/Cairo 2001/CBM 084 ext (38)}) 12... h6 13. Be3 b5 14. Bd3 Nd7 15.
Qf2 Qc7 16. Ne2 a5 17. Nd4 Rb8 18. g4 Ne5 19. g5 $36 {1-0 Predojevic,B-Doric,D/
Djakovo CRO 2005 (29)}) 11... b5 12. Nd4 Bb7 13. h4 {White starts a typical
attack on the kingside} Be7 14. Kb1 h6 {[%cal Rf6d7,Gd6d5] Throwing back the
white bishop and preparing to break in the centre with d6-d5} 15. Be3 Nd7 {
Covering the e5 square and preparing the freeing advance d6-d5} 16. g4 Ne5 {
[%cal Ge5f3,Ge5c4]} 17. Be2 d5 $5 $132 {After this typical break, black gets
counter chances} 18. exd5 (18. f4 $5 Nc4 19. Bxc4 bxc4 (19... dxc4 20. Qg2 Qa5
21. g5 c3 22. gxh6 $16) 20. Qc3 $14) 18... Bxd5 19. g5 h5 20. Nf5 Bxa2+ {
The cold blooded 20...0-0 was also possible} (20... O-O $5 21. Bb6 Qd7 22. Qe3
Nc6 $132 23. c4 bxc4) 21. Kxa2 exf5 22. Qxd8+ Bxd8 $6 {Of course, it was
better to exchange one pair of rooks} (22... Rxd8 $5 23. Rxd8+ Kxd8 24. Bd4 f6)
23. Bd4 f6 (23... Rxc2 $6 24. Rhe1 f6 25. Bd3 $16) 24. f4 Ng4 {Also in case of
24...Ng6 white has enough compensation for the sacrificed pawn} (24... Rxc2 $6
25. Rhe1 Ba5 26. gxf6 gxf6 27. fxe5 Bxe1 28. Rxe1 fxe5 29. Bxe5 O-O 30. Bxh5
$18) (24... Ng6 25. Bd3 Nxf4 26. Bxf5 $36) 25. g6 (25. Kb3 Kf7) 25... O-O $6 {
25...Bc7 was stronger getting a reasonable position} (25... Bc7 $5 26. Rhf1 O-O
27. Bd3 Rfe8 28. Bxf5 Rcd8 29. c3 Nh2 30. Rf2 Ng4) 26. Bd3 Nh6 (26... Bc7 27.
Bxf5 Rce8 (27... Rcd8 28. Be6+ Kh8 29. Bc5 Rfe8 30. f5 $18) 28. Bxg4 hxg4 29.
Bc5 $16) 27. c4 $5 {This way white creates more weaknesses for black on the
queenside} Bc7 {[%cal Gc7f4]} (27... bxc4 28. Rc1 Re8 29. Bxc4+ Kf8 30. Bd3 $14
) 28. cxb5 axb5 29. Rhf1 {[%csl Rb5]} Rb8 30. Kb3 $14 {A bishop pair and the
black pawn weaknesses allow white a strong initiative} Rfe8 31. Rc1 Ba5 32.
Rfd1 Red8 33. Bg1 Rd5 34. Be2 Bd2 $2 {[%mdl 8192] Black doesn't stand the
pressure and blunders. After the correct 34...Rd1 he could of still resist
stubbornly} (34... Rxd1 $5 35. Rxd1 Bc7 36. Bh2 Ng4 37. Bg3 Kf8 38. Rd5 Re8 39.
Bxb5 Re3+ 40. Rd3 Rxd3+ 41. Bxd3 Ne3) 35. Rc2 $18 (35. Rc2 Rbd8 36. Bb6 $1 Rb8
37. Rcxd2 Rxd2 38. Rxd2 $18) 1-0

[Event "EU-ch 1st"]
[Site "Saint Vincent"]
[Date "2000.07.14"]
[Round "11"]
[White "Van der Weide, Karel"]
[Black "Epishin, Vladimir"]
[Result "0-1"]
[WhiteElo "2467"]
[BlackElo "2567"]
[Annotator "Gofshtein,L"]
[PlyCount "72"]
[EventDate "2000.07.03"]
[EventType "swiss"]
[EventRounds "11"]
[EventCountry "ITA"]
[SourceTitle "CBM 078"]
[Source "ChessBase"]
[SourceDate "2000.10.18"]
[SourceVersion "1"]
[SourceVersionDate "2000.10.18"]
[SourceQuality "1"]

1. e4 {[%mdl 4360]} c5 2. Nf3 d6 3. d4 cxd4 4. Nxd4 Nf6 5. Nc3 Nc6 6. Bg5 Bd7
7. Qd2 Rc8 (7... h6 8. Bxf6 gxf6) 8. O-O-O (8. Nb3) 8... Nxd4 9. Qxd4 Qa5 {
[%cal Yc8c3]} 10. Bd2 {another possibility is:} (10. f4 Rxc3 11. bxc3 e5 12.
Qb4 Qxb4 13. cxb4 Nxe4 14. Bh4 g5 $44) 10... a6 (10... e5 11. Qe3 a6 12. Kb1
Be6 13. f3 Be7 14. g4 Rxc3 15. Bxc3 Qxa2+ 16. Kc1 Bxg4 17. Be2 $13) 11. Kb1 e5
12. Qd3 Ng4 {another possibilities are:} (12... Be6 13. Nd5 Qd8 14. c4 (14.
Nxf6+ Qxf6 15. Qg3 (15. f3 Qd8 16. f4 Be7 17. b3 exf4 18. Bxf4 Qc7 $132 {
0-1 Maeder,K-Franco Ocampo,Z/Biel 1989/EXT 97 (47)}) 15... Be7 16. Bd3 O-O 17.
f4 exf4 18. Bxf4 Qg6 19. e5 Qh5 20. exd6 Bh4 21. Qe3 Qa5 22. a3 Bf6 23. Qe1 Qc5
24. Qb4 Qc6 25. Qe4 $16 {1-0 Tischbierek,R-Kristiansen,J/Copenhagen 1990/EXT
97 (31)}) 14... Bxd5 15. cxd5 Be7 16. f3 Nd7 (16... O-O 17. g3 Qd7 18. h4 $16 {
1-0 Eley,B-Bellin,R/Hastings 1971/EXT 99 (38)}) 17. Be2 Bg5 $132 {0-1
Rodriguez,R-Markland,P/Skopje 1972/EXT 2000 (56)}) (12... Qb6 13. f3 Be7 14.
Be2 Be6 15. Nd5 Nxd5 16. exd5 Bd7 17. Be3 Qa5 18. Bd2 Qc7 $132 {0-1 Knight,
T-Dueball,J/Nice 1974/EXT 2000 (30)}) (12... Qc7 13. Bg5 (13. Be2 b5 14. a3 Qb7
15. f3 Be6 $13 {1-0 Bjerring,K-Fuglsang,F/Copenhagen 1980/EXT 2000 (38)}) 13...
Qc5 14. f3 Be6 15. h4 Nd7 16. g3 h6 17. Be3 Qc6 18. Bh3 $14) (12... Qd8 13. f3
Be7 14. Bg5 Rc6 (14... Be6 15. Bxf6 gxf6 $14) 15. h4 $14 {1-0 Radulov,
I-Ungureanu,E/Skopje 1972/EXT 2000/[Radulov] (55)}) 13. Be1 {another
continuation is:} (13. Qe2 Be6 14. a3 Qb6 15. f3 Nf6 16. Be3 Qc7 17. g4 Be7 18.
g5 Nd7 19. Qf2 b5 $132 {1/2-1/2 Kruszynski,W-Perdek,M/Lubniewice 1994/CBM 45
ext (65)}) 13... Qc5 14. Qe2 $146 {novelty,another possibilities are:} (14. Qd2
Be7 15. Nd5 Bg5 16. Qc3 Qxc3 17. Nxc3 Rc6 18. Nd5 f5 {1/2-1/2 Ribshtein,
N-Baklan,V/Antwerp 1999/EXT 2000 (18)}) (14. Qg3 Nf6 15. f3 b5 16. Bf2 Qc6 17.
Bd3 Be7 18. Qxg7 Rg8 19. Qh6 Rxg2 20. Bh4 $13) 14... Nf6 15. f3 Be6 {[%cal
Re6a2]} 16. g4 Be7 17. h4 (17. g5 $6 Nh5 $132) 17... O-O 18. Bh3 $6 {better is:
} (18. h5 $5 h6 (18... b5 19. g5 Nd7 20. Bf2 Qc6 21. Be3 f5 22. Bh3 $14) 19. g5
hxg5 20. Qd2 g4 21. h6 g6 22. Bg2 d5 23. Nxd5 Nxd5 24. exd5 Bxd5 25. fxg4 Bxg2
26. Qxg2 Kh7 27. Bc3 {[%csl Re5][%cal Gc3e5]}) 18... Rfe8 19. Qg2 {with idea
20.g5 Nh5 21.Be6 fe 22.Qg4,probably,better is:} (19. g5 Nh5 20. Nd5 Nf4 21.
Nxf4 exf4 22. Bc3 $14) (19. h5 $5 Nd7 (19... h6 20. g5 hxg5 21. Bxe6 fxe6 22.
Qd2 $40) 20. Nd5 Bg5 21. Bb4 Qc6 22. Bxd6 $14) 19... Bd8 $5 {[%cal Ye8e6] The
idea is to protect e6-point by the rook,and to transfer bishop from d8 to a5.}
20. h5 h6 {It prevents pawn attack on the king side.} (20... Nd7 21. g5 $36) (
20... d5 $2 21. g5 Nxh5 22. Bxe6 $18) 21. g5 (21. Bh4 $6 Nh7 $1 $17) 21... hxg5
22. Bxe6 Rxe6 (22... fxe6 23. h6 $40) 23. h6 (23. Qxg5 $2 Nxe4 $1 24. Qg4 Nxc3+
25. Bxc3 Qc4) 23... g6 (23... gxh6 $6 24. Rxh6 $40) 24. h7+ (24. Bf2) 24... Kh8
25. Bd2 Nh5 {[%csl Yf4][%cal Yh5f4] After trade of bishops black knight gets
f4-outpost.} 26. Bxg5 Bxg5 27. Qxg5 Nf4 $132 {Black has sufficient counterplay}
28. Rh2 Qe3 29. Rd3 Qb6 {Black refuses a draw ,and make goes to the worse
position.} (29... Qe1+ 30. Rd1 Qe3 $11) 30. Nd5 Qd8 (30... Nxd5 $2 31. exd5 $18
{[%csl Yf6][%cal Rg5f6]}) 31. Rc3 Rb8 32. Qxd8+ Rxd8 33. Nxf4 (33. Rc7 $5 Nxd5
34. exd5 Rf6 35. c4 Rxf3 36. Rxb7) 33... exf4 34. Rc7 $2 (34. Kc1 $5 $14) 34...
d5 $1 $36 35. b3 (35. Rd2 f5 36. c4 fxe4 37. fxe4 Rxe4 $17) 35... dxe4 36. fxe4
Rf6 {probably, time trouble, but also after37.e5 Rf5 38.Rb7 f3 39.Rf2 g5, that
position looks very dangerous for white.} 0-1

[Event "Abu Dhabi op 13th"]
[Site "Abu Dhabi"]
[Date "2003.08.19"]
[Round "4"]
[White "Yemelin, Vasily"]
[Black "Bakre, Tejas"]
[Result "1-0"]
[WhiteElo "2550"]
[BlackElo "2434"]
[Annotator "Gofshtein,L"]
[PlyCount "75"]
[EventDate "2003.08.16"]
[EventType "swiss"]
[EventRounds "9"]
[EventCountry "UAE"]
[SourceTitle "CBM 097"]
[Source "ChessBase"]
[SourceDate "2003.11.11"]
[SourceVersion "1"]
[SourceVersionDate "2003.11.11"]
[SourceQuality "1"]

1. e4 {[%mdl 12]} c5 2. Nf3 d6 3. d4 cxd4 4. Nxd4 Nf6 5. Nc3 Nc6 6. Bg5 Bd7 7.
Qd2 Nxd4 8. Qxd4 Qa5 9. Bd2 $5 {White wishes to stabilize his position. 9.f4
leads to a sharper game} (9. f4) (9. f4 h6 10. Bxf6 gxf6 11. O-O-O Rc8 12. Be2
Qc5 $132 {0-1 Svidler,P-Aseev,K/St Petersburg 1997/CBM}) 9... Rc8 10. O-O-O a6
{Black prepares 11...Qc5} (10... Qc5 $6 11. Qxc5 Rxc5 12. Be3 Rxc3 13. bxc3
Nxe4 14. Bxa7 Nxc3 15. Rd3 $16) 11. Bc4 $5 {11.a3 was also met. As the
tournament practice shows black gets good counterplay} (11. a3 Qc5 (11... Qc7
12. f4 e5 13. Qd3 Be7 $132 {1/2-1/2 Luther,T-Lendwai,R/Graz 1991/CBM 22 ext 
(31)}) 12. Qxc5 Rxc5 13. f3 g6 14. Be3 Rc8 15. Bd4 Bg7 16. Nd5 Nh5 17. Nb6 Rc6
18. Nxd7 Bxd4 19. Rxd4 Kxd7 $11 {1/2-1/2 Luther,T-Videki,S/Kecskemet 1993/CBM
37 ext (33)}) 11... Qc5 {A typical move for this variation. Black offers to
exchange white's centralized queen. 11...e5 12.Qd3 Qc5 13.Bb3 Qf2 is dangerous
for black} (11... e5 12. Qd3 Qc5 13. Bb3 Qxf2 14. Rhf1 Qh4 15. g3 Qh3 16. Nd5
$36 {1-0 Korneev,O-Obodchuk,A/Moscow 1995/CBM 46 (29)}) 12. Qxc5 Rxc5 13. Bb3
Ng4 $6 {The simple 13...g6 deserves attention} (13... g6 $5 14. Rhe1 Bg7 15.
Nd5 Nxd5 16. exd5 Rc7 17. Bf4 Kf8 18. Re3 h6 19. Re4 b5 20. Bd2 Bf5 $132 {
0-1 Tsuboi,E-Milos,G/Fortaleza 1989/EXT 2000 (94)}) (13... e6 $6 14. f3 Be7 15.
Bf4 Rc6 16. Rd3 h6 17. Rhd1 e5 18. Be3 $16 {1-0 Petrosian,S-Schlamp,R/Germany
1998/EXT 99 (66)}) (13... h5 $6 14. Rhe1 Ng4 15. Re2 g6 16. h3 Ne5 17. Be3 Rc8
18. f4 Nc4 19. Bxc4 Rxc4 20. e5 {1-0 Gorelov,S-Dragomarezkij,E/Moscow 1997/EXT
2000 (22)}) 14. Be1 $5 $146 {As it often happens, a natural move turns out to
be a novelty. Of course, 14.Be1 looks better then the previously played 14.Rdf1
} (14. Rdf1 e6 15. f4 b5 16. a3 Be7 $132 {0-1 Mihalincic,T-Videki,S/Zagreb
1997/EXT 99 (54)}) 14... e6 {In case of 14...g6 white has some advantage after:
} (14... g6 15. Nd5 Bg7 16. f3 Ne5 17. Bh4 Be6 18. Rhe1) 15. Ne2 {[%cal Re1b4]
With the idea to bring the dark squared bishop to the game after 15.Bb4} (15.
f3 $5 Ne3 16. Rd2 Be7 17. Bg3 $14) 15... Be7 $6 {15...Bb5 and trying to
exchange white's light squared bishop deserved serious attention. As it is
well known, the exchange of pieces favours the side which has less space. In
this case, black had real chance of defending his position} (15... Bb5 $5 16.
Nd4 Bc4 17. Bxc4 Rxc4 18. b3 Rc8 $132) 16. h3 Ne5 17. Bb4 Rc6 18. Rd4 {[%csl
Rd6][%cal Yb4d6,Yd4d6,Yh1d1] Centralizing the rook and also bringing the
second rook into action} Rb6 {[%cal Re5c6] Making a threat: Nc6} (18... Ng6 19.
Rhd1 (19. g3 $5) 19... Nh4 20. Bxd6 Bxd6 21. Rxd6 Rxd6 22. Rxd6 Nxg2) 19. Ba5
Rb5 {Black loses his d6 pawn. 19...Rc6 was more stubborn} (19... Rc6 20. f4 Ng6
21. Rhd1 $36) 20. Bc7 Nc6 21. Rdd1 Na5 22. Bxd6 Nxb3+ 23. axb3 Bxd6 24. Rxd6
$16 {White has a material advantage and gets to the realization stage} Ke7 25.
Rd2 Re5 26. f3 g5 27. Rhd1 Bc8 28. Rd4 {[%cal Yd4c4,Yc4c7] With the idea to
bring the rook via c4-c7 to black's camp} Rc5 29. b4 Rc7 30. e5 $1 {[%cal
Ye2c3,Yc3e4,Ye4d6,Ye4g5,Ye4f6] Taking control over new squares} Rd7 31. Ng3 {
[%cal Rg3e4]} Rxd4 32. Rxd4 f5 33. exf6+ Kxf6 34. Ne4+ $18 Kg6 35. Kd2 h6 36.
Ke3 {The material advantage and many weaknesses of black guarantee white a
winning position} Kf7 37. Rc4 Kg6 38. Nd6 1-0